Metodología operativa para el análisis y determinación de estructuras de la organización (Registro nro. 2531)
[ vista simple ]
| 000 -LEADER | |
|---|---|
| fixed length control field | 00930 a2200217 4500 |
| 001 - CONTROL NUMBER | |
| control field | 34993 |
| 005 - DATE AND TIME OF LATEST TRANSACTION | |
| control field | 20260407155635.0 |
| 008 - FIXED-LENGTH DATA ELEMENTS--GENERAL INFORMATION | |
| fixed length control field | 260407a1976 arg spa d |
| 003 - CONTROL NUMBER IDENTIFIER | |
| control field | AR-UNSa-BCEJYS |
| 040 ## - CATALOGING SOURCE | |
| Original cataloging agency | AR-UNSa-BCEJYS |
| Language of cataloging | spa |
| Transcribing agency | AR-UNSa-BCEJYS |
| 080 ## - UNIVERSAL DECIMAL CLASSIFICATION NUMBER | |
| Universal Decimal Classification number | 658.014 |
| Common auxiliary subdivision | Estructura organizativa. Jerarquización. (Organigrama) |
| 100 1# - MAIN ENTRY--PERSONAL NAME | |
| Personal name | Pienovi, Aroldo Adolfo |
| 245 10 - TITLE STATEMENT | |
| Title | Metodología operativa para el análisis y determinación de estructuras de la organización |
| 264 #1 - PRODUCTION, PUBLICATION, DISTRIBUTION, MANUFACTURE, AND COPYRIGHT NOTICE | |
| Place of production, publication, distribution, manufacture | Buenos Aires : |
| Name of producer, publisher, distributor, manufacturer | El Coloquio |
| Date of production, publication, distribution, manufacture, or copyright notice | 1976 |
| 300 ## - PHYSICAL DESCRIPTION | |
| Extent | 204 p. |
| Dimensions | 21 cm. |
| 505 ## - FORMATTED CONTENTS NOTE | |
| Formatted contents note | 1. Teoría de las estructuras - 2. Estructuras típicas - 3. Técnicas de relevamiento - 4. Técnicas operativas para la determinación de estructuras - 5. Técnicas de dibujo y resolución - 6. Manuales - 7. Casos prácticos. |
| 590 ## - LOCAL NOTE (RLIN) | |
| Local note | niveau_biblio:m niveau_hierar:0 |
| 700 1# - ADDED ENTRY--PERSONAL NAME | |
| Personal name | Roy Mitchell, Eduardo |
| 700 1# - ADDED ENTRY--PERSONAL NAME | |
| Personal name | Portela, Carlos Alberto |
| 942 ## - ADDED ENTRY ELEMENTS (KOHA) | |
| Koha item type | |
| Withdrawn status | Lost status | Damaged status | Not for loan | Home library | Current library | Shelving location | Date acquired | Total checkouts | Full call number | Barcode | Date last seen | Price effective from | Koha item type |
|---|---|---|---|---|---|---|---|---|---|---|---|---|---|
| Biblioteca Prof. Eusebio Cleto del Rey | Biblioteca Prof. Eusebio Cleto del Rey | 07/04/2026 | 658.014 P614 | L28573 | 07/04/2026 | 07/04/2026 | Libro | ||||||
| Biblioteca Prof. Eusebio Cleto del Rey | Biblioteca Prof. Eusebio Cleto del Rey | 07/04/2026 | 658.014 P614 | L28574 | 07/04/2026 | 07/04/2026 | Libro | ||||||
| Biblioteca Prof. Eusebio Cleto del Rey | Biblioteca Prof. Eusebio Cleto del Rey | 07/04/2026 | 658.014 P614 | L28575 | 07/04/2026 | 07/04/2026 | Libro | ||||||
| Biblioteca Prof. Eusebio Cleto del Rey | Biblioteca Prof. Eusebio Cleto del Rey | 07/04/2026 | 658.014 P614 | L35811 | 07/04/2026 | 07/04/2026 | Libro |